| 000 | 00971nas a2200289 4500 | ||
|---|---|---|---|
| 001 | BR7802779 | ||
| 003 | BR-BrBNA | ||
| 005 | 20231205083420.0 | ||
| 007 | ta | ||
| 008 | 230509b bl.|||p| |||| 00| 00por d | ||
| 040 |
_aBR-BrBNA _bpor _cBiblioteca Nacional de Agricultura |
||
| 041 | _a(Pt) | ||
| 072 | _aF60; H60 | ||
| 100 | 1 | _aDeuber, R. | |
| 100 | 1 | _aForster, R. | |
| 100 | 1 | _aSignori, L.H. | |
| 111 | 1 |
_a3. Congresso de la Asciacion Latinoamericana de Malezas e 8. Reuniaon Argentina de Malezas y su Control _cMar del Plata (Argentina) _d28 Mar 1976 |
|
| 245 | 1 | _aLocal de acao de trifluralin na germinacao de capim-carrapicho [Cenchrus echinatus] | |
| 650 | _aFISIOLOGIA VEGETAL | ||
| 650 | _aERVA DANINHA | ||
| 650 | _aCAPIM CARRAPICHO | ||
| 650 | _aGERMINACAO | ||
| 650 | _aHERBICIDA | ||
| 773 | 0 |
_tBragantia (Brazil) _xISSN 0006-8705 _g(Nov 1977), v. 36(36) p. 259-269 _wBR7802779 |
|
| 909 |
_a202311 _bLúcia _c55 _dLúcia Elande |
||
| 942 |
_2AGRIS _n0 _cANA |
||
| 999 |
_c98603 _d98603 |
||